000 01763nam0a2200373 i 4500
001 RU\NLR\BIBL_A\010352181
005 20260405193137.0
010 _a9785160095806
010 _a978-5-16-100827-0
_9300
021 _aRU
_b2014-15888
_91017
035 _a(NILC)RuMoRGB-006751261
035 _a(NLR Aleph) 010352181
090 _a10750542
_c10750542
100 _a20140430d2014 u y0rusy50 ca
101 0 _arus
102 _aRU
105 _aa|||j|||000yy
200 1 _aМаркетинг
_eучебное пособие
_eдля студентов высших учебных заведений, обучающихся по направлению 080500 "Менеджмент"
_eсоответствует Федеральному государственному образовательному стандарту 3-го поколения
_fЛ. Е. Басовский, Е. Н. Басовская
205 _a2-е изд., перераб. и доп.
210 _aМосква
_cИнфра-М
_d2014
215 _a298, [1] с.
_cил.
_d22
225 1 _aВысшее образование
_iБакалавриат
225 1 _aБакалавриат
320 _aБиблиогр.: с. 294 (24 назв.)
606 1 _aМаркетинг
_jУчебные издания для высших учебных заведений
_91262222
_3RU\NLR\AUTH\66200829
675 _a339.138(075.8)
686 1 _aУ5-361.4я73
700 1 _aБасовский
_bЛ. Е.
_gЛеонид Ефимович
701 1 _8rus
_7ca
_aБасовская
_bЕ. Н.
_cэкономист
_gЕлена Николаевна
_3RU\NLR\AUTH\7784993
_967921
801 2 _aRU
_bРГБ
_c20140305
_grcr
942 _cBOOK
980 _aNBR